| 000 | 00316nam a22001097a 4500 | ||
|---|---|---|---|
| 008 | 230823b |||||||| |||| 00| 0 eng d | ||
| 082 | _a338.9 ECO | ||
| 245 | _aSustainable Consumption: Stakeholder Perspectives. | ||
| 260 |
_aSwitzerland: _bWorld Economic Forum; _c2013. |
||
| 300 |
_a202 p: _bill.21.5 cm. |
||
| 942 | _2ddc | ||
| 999 |
_c9691 _d9692 |
||